Journal of Economic Integration
Salvato in:
| Natura: | Periodico |
|---|---|
| Lingua: | inglese |
| Pubblicazione: |
Seoul
Center for Economic Integration
|
| Tags: |
Nessun Tag, puoi essere il primo ad aggiungerne!!
|
MARC
| LEADER | 00000nas1a2200000 4500 | ||
|---|---|---|---|
| 001 | 0296697 | ||
| 005 | 20250701092117.0 | ||
| 022 | |a 1225-651X | ||
| 022 | |a 1976-5525 | ||
| 041 | 0 | |a eng | |
| 044 | |a KP | ||
| 245 | 1 | 0 | |a Journal of Economic Integration |
| 264 | 1 | |a Seoul |b Center for Economic Integration | |